000 00685nam a22001935i 4500
001 53353
003 ES-MaACL
005 20240515063036.0
007 t|
008 950922s1851 sp ||||1| spa d
040 _aCAM
_bspa
_cCAM
080 _a821.134.2-31"18"
100 1 _aEscosura, Patricio de la,
_d1807-1878
_947617
245 1 0 _aEstudios históricos sobre las costumbres españolas /
_cnovela original de Patricio de la Escosura.
260 _aMadrid :
_b[s.n.],
_c1851 (
_fimprenta de la Sociedad Tipográfico-Editorial a cargo de F. Abienzo)
300 _a331 p. ;
_c23 cm.
852 _aES-MaACL
_jG-15568
_z.- Legado M. de La Fuente
999 _c53353
_d53353